Developing world water. (Record no. 3921)

MARC details
000 -LEADER
fixed length control field 01596cas a2200421 a 4500
001 - CONTROL NUMBER
control field 11389714
003 - CONTROL NUMBER IDENTIFIER
control field OSt
005 - DATE AND TIME OF LATEST TRANSACTION
control field 20230704155607.0
008 - FIXED-LENGTH DATA ELEMENTS--GENERAL INFORMATION
fixed length control field 890619u1986uuuuenkar 0 a0eng c
010 ## - LIBRARY OF CONGRESS CONTROL NUMBER
LC control number 91649764
Canceled/invalid LC control number sn 91012003
016 7# - NATIONAL BIBLIOGRAPHIC AGENCY CONTROL NUMBER
Record control number 007167034
Source Uk
035 ## - SYSTEM CONTROL NUMBER
System control number (OCoLC)ocm19891038
040 ## - CATALOGING SOURCE
Original cataloging agency AAA
Language of cataloging eng
Transcribing agency AAA
Modifying agency NST
-- DLC
-- OCLCQ
-- UKMGB
-- OCLCF
-- OCLCO
042 ## - AUTHENTICATION CODE
Authentication code pcc
043 ## - GEOGRAPHIC AREA CODE
Geographic area code d------
082 00 - DEWEY DECIMAL CLASSIFICATION NUMBER
Classification number 363.6
Item number PIC
245 00 - TITLE STATEMENT
Title Developing world water.
260 ## - PUBLICATION, DISTRIBUTION, ETC. (IMPRINT)
Place of publication, distribution, etc. London :
Name of publisher, distributor, etc. Grosvenor Press International
300 ## - PHYSICAL DESCRIPTION
Extent v. :
Other physical details ill. (some col.) ;
Dimensions 25 cm.
310 ## - CURRENT PUBLICATION FREQUENCY
Current publication frequency Annual
362 1# - DATES OF PUBLICATION AND/OR SEQUENTIAL DESIGNATION
Dates of publication and/or sequential designation Began with v. 1, published in 1986.
550 ## - ISSUING BODY NOTE
Issuing body note Published with the collaboration of the Water Engineering and Development Centre (WEDC), 1986-
588 ## - SOURCE OF DESCRIPTION NOTE
Source of description note Description based on: Vol. 2, published in 1987.
588 ## - SOURCE OF DESCRIPTION NOTE
Source of description note Latest issue consulted: Vol. 3, published in 1988.
590 ## - LOCAL NOTE (RLIN)
Local note SERBIB/SERLOC merged record
650 #0 - SUBJECT ADDED ENTRY--TOPICAL TERM
Topical term or geographic name as entry element Water-supply
Geographic subdivision Developing countries
Form subdivision Periodicals.
650 #0 - SUBJECT ADDED ENTRY--TOPICAL TERM
Topical term or geographic name as entry element Water resources development
Geographic subdivision Developing countries
Form subdivision Periodicals.
650 #0 - SUBJECT ADDED ENTRY--TOPICAL TERM
Topical term or geographic name as entry element Sanitary engineering
Geographic subdivision Developing countries
Form subdivision Periodicals.
650 #7 - SUBJECT ADDED ENTRY--TOPICAL TERM
Topical term or geographic name as entry element Sanitary engineering.
Source of heading or term fast
Authority record control number (OCoLC)fst01105008
650 #7 - SUBJECT ADDED ENTRY--TOPICAL TERM
Topical term or geographic name as entry element Water resources development.
Source of heading or term fast
Authority record control number (OCoLC)fst01171955
650 #7 - SUBJECT ADDED ENTRY--TOPICAL TERM
Topical term or geographic name as entry element Water-supply.
Source of heading or term fast
Authority record control number (OCoLC)fst01172350
651 #7 - SUBJECT ADDED ENTRY--GEOGRAPHIC NAME
Geographic name Developing countries.
Source of heading or term fast
Authority record control number (OCoLC)fst01242969
655 #7 - INDEX TERM--GENRE/FORM
Genre/form data or focus term Periodicals.
Source of term fast
Authority record control number (OCoLC)fst01411641
710 2# - ADDED ENTRY--CORPORATE NAME
Corporate name or jurisdiction name as entry element WEDC (Center)
906 ## - LOCAL DATA ELEMENT F, LDF (RLIN)
a 7
b cbc
c serials
d 2
e ncip
f 19
g n-oclcserc
942 ## - ADDED ENTRY ELEMENTS (KOHA)
Source of classification or shelving scheme Dewey Decimal Classification
Koha item type Books
Holdings
Withdrawn status Lost status Source of classification or shelving scheme Damaged status Not for loan Home library Current library Date acquired Total Checkouts Full call number Barcode Date last seen Price effective from Koha item type
    Dewey Decimal Classification     County Hall Archives County Hall Archives 07/04/2023   363.6 PIC 10002492 07/04/2023 07/04/2023 Books
LIBRARY OPENING HOURS

When the Parliament is sitting: 8.00a.m - 7.00p.m or until the house adjourns
Mondays and Fridays and when the House is on Recess:  8.00a.m - 5.00p.m
Closed on Weekends and Public Holidays

Online Public Access Catalog (OPAC)
Website: http://www.parliament.go.ke
Bunge Library: https://libraryir.parliament.go.ke
Contact: library@parliament.go.ke | Tel no: (254-2)2221291 or 2848000 Ext 5043